Populous Countries of Asia Minefield Quiz Stats

 Plays Quiz Updated Sep 9, 2017

Challenge
Share
Tweet
Embed
Score 0/21 Timer 05:00
9 Plays Today
Rank Country % Correct
1???
90.3%
2???
83.5%
7???
77.1%
3???
66.6%
4???
63.4%
6???
60.5%
13???
57.3%
9???
55.4%
12???
54.4%
10???
52.4%
5???
51.6%
Rank Country % Correct
8???
42.7%
18???
40.9%
15???
38.1%
20???
35.4%
11???
33.7%
16???
32.4%
14???
30%
17???
14.1%
19???
11.3%
Mines???
7.5%

You're not logged in!

Compare scores with friends on all Sporcle quizzes.
OR
Log In

You Might Also Like...

Show Comments

Extras

Top Quizzes Today


Score Distribution

Your Account Isn't Verified!

In order to create a playlist on Sporcle, you need to verify the email address you used during registration. Go to your Sporcle Settings to finish the process.

Report this User

Report this user for behavior that violates our Community Guidelines.

Details: